Missouri Cities A-Z - Statistics

General Stats
  • This quiz has been taken 88 times
    42 since last reset
  • The average score is 9 of 21
Answer Stats
Population Municipality or CDP % Correct
S 301,578 St. Louis
100%
K 508,090 Kansas City
91%
I 123,011 Independence
84%
C 126,254 Columbia
81%
J 51,762 Joplin
78%
B 58,603 Blue Springs
63%
L 101,108 Lee's Summit
63%
O 91,316 O'Fallon
63%
F 52,533 Florissant
41%
U 35,065 University City
41%
W 44,372 Wentzville
38%
M 28,284 Maryland Heights
31%
G 27,063 Gladstone
22%
H 25,458 Hazelwood
19%
R 30,012 Raytown
19%
N 23,257 Nixa
16%
T 12,686 Troy
16%
A 20,858 Arnold
13%
P 16,225 Poplar Bluff
13%
D 12,743 Dardenne Prairie
6%
E 11,646 Eureka
6%
No matching quizzes found
Score Distribution
Percent of People with Each Score
Percentile by Number Answered
Your Score History
You have not taken this quiz since the last reset